000 01196cam a22003011 4500
001 gs 63000196
003 DLC
005 20260227111412.0
008 781122s1962 msuab s000 0 eng
010 _ags 63000196
035 _a(OCoLC)4393644
040 _aDLC
_cMsSM
_dDLC
042 _apremarc
050 0 0 _aQE129
_b.A2 no. 96
051 _aTN872.M7
_bM3
_cCopy 2.
100 1 _aMellen, Frederic Francis,
_d1911-
245 1 4 _aThe Tula prospect, Lafayette County, Mississippi
_c[by] Frederic Francis Mellen [and] William Halsell Moore.
260 _aJackson,
_bMississippi Geological Economic and Topographical Survey
_c1962.
300 _a29 p.
_billus., maps, diagrs.
_c23 cm.
490 1 _aMississippi. Geological, Economic and Topographical Survey. Bulletin,
_v96
500 _aPart of illustrative matter fold. in pocket.
504 _aBibliography: p. 29.
650 0 _aGeology
_zMississippi
_zLafayette County.
650 0 _aPetroleum
_zMississippi
_zLafayette County.
650 0 _aNatural gas
_zMississippi
_zLafayette County.
700 1 _aMoore, William Halsell,
_ejoint author.
810 2 _aMississippi Geological, Economic, and Topographical Survey.
_tBulletin ;
_vno. 96.
999 _c29703
_d29703